| 000 | 00402nam a2200181Ia 4500 | ||
|---|---|---|---|
| 008 | 210210b1914 xxu||||| |||| 00| 0 eng d | ||
| 041 | _aeng | ||
| 082 | _a954/217 | ||
| 100 | _aMALLESON (G B) | ||
| 245 | _aDecisive battles of India | ||
| 260 |
_aLondon _b- _c1914 |
||
| 650 | _aof | ||
| 650 | _aIndia | ||
| 650 | _aDecisive | ||
| 650 | _abattles | ||
| 690 | _aIndian History | ||
| 906 | _a025974 | ||
| 999 |
_c151899 _d151899 |
||